Mzdové formy příručka pro podnikovou praxi
Enregistré dans:
| Format: | Livre |
|---|---|
| Langue: | tchèque |
| Publié: |
Praha
Práce
1983
|
| Édition: | 2. přeprac. a dopln. vyd. |
| Collection: | Knižnice příručky práce
|
| Tags: |
Pas de tags, Soyez le premier à ajouter un tag!
|
MARC
| LEADER | 00000nam a2200000 4500 | ||
|---|---|---|---|
| 001 | c117055 | ||
| 005 | 20050302095222.4 | ||
| 041 | 0 | |a cze | |
| 044 | |a CZ | ||
| 245 | 1 | 0 | |a Mzdové formy |b příručka pro podnikovou praxi |
| 250 | |a 2. přeprac. a dopln. vyd. | ||
| 264 | 1 | |a Praha |b Práce |c 1983 | |
| 300 | |a 348 s. | ||
| 490 | 1 | |a Knižnice příručky práce | |
| 830 | 0 | |a Knižnice příručky práce | |